00547nam a2200181Ia 450000500170000000800410001702000150005808200130007310000170008624500430010326000370014630000130018365000240019665000270022094200060024795200970025399900150035020250704015525.0240331s9999 xx 000 0 und d a9559348639 bBROa954 aBrohier, R.L 0aSeeing Ceylon :b Brohiar dutu lankawa aColombobSuriya publishersc2001 a351 p ., aSri Lanka - History aIrrigation - Sri Lanka cL 001040708LaWERCLbWERCLcSSCd2024-03-31l0o 954.9 BROp4375r2024-03-31w2024-03-31yL c3394d3394